[Event "GER-chT U12"]
[Site "Seifhennersdorf"]
[Date "2001.12.29"]
[Round "5.3"]
[White "Hartung, Florian"]
[Black "Rosenberg, Felix"]
[Result "1-0"]
[WhiteElo "1173"]
[BlackElo "1302"]
[PlyCount "125"]
[EventDate "2001.12.27"]
[EventType "team"]
[EventRounds "7"]
[EventCountry "GER"]
[SourceTitle "EXT 2003"]
[Source "ChessBase"]
[SourceDate "2002.11.25"]
[SourceVersion "1"]
[SourceVersionDate "2002.11.25"]
[SourceQuality "1"]

1. e4 c5 2. Nc3 d6 3. g3 Nf6 4. Bg2 a6 5. d3 e6 6. Nge2 Be7 7. h3 0-0 8. 0-0 Nbd7 9. Kh2 Rb8 10. f4 Qc7 11. Rf2 b5 12. Qe1 Bb7 13. Bd2 Bc6 14. Nd1 d5 15. e5 Ne8 16. d4 cxd4 17. Nxd4 Bc5 18. Nxc6 Qxc6 19. Be3 Bxe3 20. Nxe3 f6 21. f5 Nc7 22. Rd1 Nb6 23. fxe6 Qxe6 24. Qc3 Qxe5 25. Qc5 Ne6 26. Bxd5 Nxd5 27. Qxd5 Qxd5 28. Rxd5 Rfe8 29. Rd7 Nc5 30. Rc7 Rxe3 31. Rxc5 Rbe8 32. Rcf5 Re2 33. Kg1 Re1+ 34. Kg2 R8e2 35. h4 Kf7 36. Rc5 Rxf2+ 37. Kxf2 Ra1 38. a3 Rb1 39. b4 Ra1 40. Rc7+ Kg6 41. Rc3 Ra2 42. Ke3 Kf5 43. Kf3 g5 44. h5 g4+ 45. Ke3 Ra1 46. Rc5+ Ke6 47. Kf4 Rxa3 48. Kxg4 Ra4 49. Rc6+ Kd7 50. Rxf6 Rxb4+ 51. Kh3 Ke7 52. Rh6 a5 53. Rxh7+ Kf6 54. Ra7 Kg5 55. Rxa5 Kxh5 56. c3 Rb1 57. c4 Rh1+ 58. Kg2 Rc1 59. cxb5 Rc5 60. Kh3 Kg5 61. g4 Kf4 62. Kh4 Rg5 63. Ra4+ 1-0

[Event "GER-chT U12"]
[Site "Seifhennersdorf"]
[Date "2001.12.29"]
[Round "6.3"]
[White "Rosenberg, Felix"]
[Black "Braunstein, Fabian"]
[Result "0-1"]
[WhiteElo "1302"]
[BlackElo "1404"]
[PlyCount "118"]
[EventDate "2001.12.27"]
[EventType "team"]
[EventRounds "7"]
[EventCountry "GER"]
[SourceTitle "EXT 2003"]
[Source "ChessBase"]
[SourceDate "2002.11.25"]
[SourceVersion "1"]
[SourceVersionDate "2002.11.25"]
[SourceQuality "1"]

1. d4 Nf6 2. c4 g6 3. Nc3 Bg7 4. e4 d6 5. Nf3 0-0 6. Bg5 Bg4 7. h3 Bd7 8. Bd3 Nc6 9. a3 a5 10. d5 Ne5 11. Nxe5 dxe5 12. 0-0 Qc8 13. Bxf6 exf6 14. Rc1 h5 15. Ne2 Bxh3 16. gxh3 Qxh3 17. Bc2 h4 18. Qd3 Qg4+ 19. Kh2 Bh6 20. Rce1 Bf4+ 21. Nxf4 Qxf4+ 22. Kh1 Kg7 23. Qe3 Qg4 24. Bd1 Qd7 25. Kh2 h3 26. Rg1 Rh8 27. Bg4 Qe7 28. Rg3 Rh7 29. Rxh3 Rxh3+ 30. Bxh3 Rh8 31. Kg2 Rh5 32. Rc1 b6 33. Qd3 Qc5 34. Qe3 Qe7 35. f3 Rh8 36. c5 b5 37. c6 Qd8 38. Rh1 Rh5 39. Bd7 Rg5+ 40. Kf2 Qe7 41. Rg1 Rh5 42. Qe2 Qc5+ 43. Qe3 Qc2+ 44. Qe2 Qc5+ 45. Ke1 Qxg1+ 46. Kd2 Rh2 47. Qxh2 Qxh2+ 48. Kc3 Qe2 49. Bg4 f5 50. exf5 gxf5 51. Bxf5 Qxf3+ 52. Bd3 Qxd5 53. b4 Qxc6+ 54. Kb3 a4+ 55. Kb2 e4 56. Be2 e3 57. Ka2 Qg2 58. Ka1 Qxe2 59. Kb1 Qd2 0-1

[Event "GER-chT U12"]
[Site "Verden"]
[Date "2000.12.30"]
[Round "4.3"]
[White "Beller, Julian"]
[Black "Rosenberg, Felix"]
[Result "1/2-1/2"]
[WhiteElo "971"]
[BlackElo "714"]
[PlyCount "64"]
[EventDate "2000.12.26"]
[EventType "team"]
[EventRounds "7"]
[EventCountry "GER"]
[SourceTitle "EXT 2008"]
[Source "ChessBase"]
[SourceDate "2007.11.25"]
[SourceVersion "1"]
[SourceVersionDate "2007.11.25"]
[SourceQuality "1"]
[WhiteTeam "Limburgerhof U12"]
[BlackTeam "Berghofen U12"]
[WhiteTeamCountry "GER"]
[BlackTeamCountry "GER"]

1. c4 Nf6 2. g3 g6 3. Bg2 Bg7 4. e3 c5 5. Ne2 d6 6. Nbc3 Nbd7 7. Rb1 Rb8 8. d4 a6 9. b3 0-0 10. Bb2 b5 11. Qd3 bxc4 12. bxc4 Bb7 13. 0-0 Bxg2 14. Kxg2 Nb6 15. Ba3 Qc7 16. Kg1 Rfc8 17. Rfd1 Qd7 18. Nf4 e6 19. Qe2 Na4 20. Qc2 Nxc3 21. Qxc3 Rxb1 22. Rxb1 Ne4 23. Qd3 Qc6 24. d5 Qa4 25. dxe6 Ng5 26. exf7+ Nxf7 27. Nd5 Rd8 28. Qb3 Qxb3 29. Rxb3 Ne5 30. Nc7 Nf3+ 31. Kh1 Nd2 32. Rd3 Nxc4 1/2-1/2

[Event "GER-chT U12"]
[Site "Verden"]
[Date "2000.12.30"]
[Round "6.3"]
[White "Niethammer, Matthias"]
[Black "Rosenberg, Felix"]
[Result "1-0"]
[WhiteElo "954"]
[BlackElo "714"]
[PlyCount "63"]
[EventDate "2000.12.26"]
[EventType "team"]
[EventRounds "7"]
[EventCountry "GER"]
[SourceTitle "EXT 2008"]
[Source "ChessBase"]
[SourceDate "2007.11.25"]
[SourceVersion "1"]
[SourceVersionDate "2007.11.25"]
[SourceQuality "1"]
[WhiteTeam "Wolfbusch U12"]
[BlackTeam "Berghofen U12"]
[WhiteTeamCountry "GER"]
[BlackTeamCountry "GER"]

1. e4 c5 2. Nf3 d6 3. d4 cxd4 4. Nxd4 a6 5. Nc3 Nf6 6. Be3 e6 7. Bd3 Be7 8. Qd2 Nbd7 9. f3 b5 10. g4 Bb7 11. 0-0-0 Nc5 12. h4 h6 13. Rdg1 Nfd7 14. h5 f6 15. Nde2 Qc7 16. f4 f5 17. gxf5 exf5 18. Nd5 Bxd5 19. exd5 Nxd3+ 20. Qxd3 Bf6 21. Qxf5 Nf8 22. Bd4 Bxd4 23. Nxd4 Rc8 24. Rxg7 Qxg7 25. Qxc8+ Kf7 26. Qc7+ Ke8 27. Re1+ Ne6 28. Rxe6+ Kf8 29. Qd8+ Kf7 30. Qe7+ Kg8 31. Rg6 Qxg6 32. hxg6 1-0